| 000 | 01838nam0a2200337 4500 | ||
|---|---|---|---|
| 001 | RU\NLR\bibl\50417 | ||
| 005 | 20260405123554.0 | ||
| 010 |
_a5-900888-08-8 _93000 |
||
| 021 |
_aRU _b99-24597 _91199 |
||
| 035 | _a(NLR Aleph) 000049148 | ||
| 090 |
_a262227 _c262227 |
||
| 100 | _a19991001d1999 |||y0rusy50 ca | ||
| 101 | 0 | _arus | |
| 102 | _aRU | ||
| 105 | _ay ||||||||| | ||
| 200 | 1 |
_aСборник экзаменационных задач по курсу общей физики франкоязычных стран на звание бакалавра _e[Учеб. пособие для студентов вузов, обучающихся по техн. спец.] _fН.П. Калашников, А.П. Смирнов, Н.Н. Соколов |
|
| 210 |
_aМ. _cКругозор _d1999 |
||
| 215 |
_a184 с. _d16 |
||
| 225 | 1 | _aПедагогический опыт заподноевропейской школы | |
| 300 | _aВ вып. дан. авт.: д.ф.-м.н., акад. Калашников Н.П., д.т.н., проф. Смирнов А.П., д.т.н., проф., акад. Соколов Н.Н. | ||
| 606 | 0 |
_aФизика _jЗадачники _9898198 _3RU\NLR\auth\665898 |
|
| 686 | _aВ3я73-4 | ||
| 700 | 1 |
_4070 _8rus _7ca _aКалашников _bН. П. _f1938- _gНиколай Павлович _3RU\NLR\auth\7733653 _916661 |
|
| 701 | 1 |
_4070 _8rus _7ca _aСмирнов _bА. П. _cд-р техн. наук, виноделие _f1939- _gАлексей Парфирьевич _3RU\NLR\auth\7749210 _932145 |
|
| 701 | 1 |
_4070 _8rus _7ca _aСоколов _bН. Н. _cд-р физ.-мат. наук _gНиколай Николаевич _3RU\NLR\auth\7740036 _922988 |
|
| 801 | 0 |
_aRU _bNLR _c19991001 _gPSBO |
|
| 801 | 1 |
_aRU _bNLR _c19991001 |
|
| 852 |
_aNLR _j99-2/2040 |
||
| 942 | _cBOOK | ||
| 980 | _aNB | ||